00522nam a2200121Ia 4500008004100000245020900041260003500250260000900285300000800294500001900302650001300321856006600334170516s9999 xx 000 0 und d aFormulation development, optimization and study on drug release kinetics of Eudragit® L100-HPMC E15 LV mixed film-coated colon- targeted Mesalamine tablets A Maria John Newton, L Prabakaran, KN Jayaveera bAsian Journal of Pharmaceutics c2012 a6:3 aJuly-September xPharmacy uhttp://www.asiapharmaceutics.info/index.php/ajp/issue/view/29